[Event "London Classic op 10th"]
[Site "London"]
[Date "2018.12.16"]
[Round "9"]
[White "Marentini, Marcel"]
[Black "Stephan, Axel"]
[Result "0-1"]
[WhiteElo "2030"]
[BlackElo "2204"]
[PlyCount "80"]
[EventDate "2018.12.09"]
[EventType "swiss"]
[EventRounds "9"]
[EventCountry "ENG"]
[SourceTitle "CBM 187 Extra"]
[Source "ChessBase"]
[SourceDate "2018.11.04"]
[SourceVersion "1"]
[SourceVersionDate "2018.11.04"]
[SourceQuality "1"]

1. Nf3 Nf6 2. c4 g6 3. Nc3 Bg7 4. e4 0-0 5. d4 c6 6. d5 d6 7. h3 a6 8. a4 a5 9. Bd3 Na6 10. 0-0 Nb4 11. Bb1 cxd5 12. cxd5 e6 13. dxe6 Bxe6 14. Nd4 Bc4 15. Re1 d5 16. e5 Ne4 17. Nxe4 dxe4 18. Rxe4 Re8 19. Bf4 f6 20. Qe1 Bd3 21. Bxd3 Nxd3 22. Qe3 Nxf4 23. Rxf4 fxe5 24. Qb3+ Kh8 25. Rf7 exd4 26. Qxb7 Rb8 27. Qa7 Ra8 28. Qb7 Rb8 29. Qa7 Rg8 30. Re1 Ra8 31. Qb7 Rb8 32. Qa7 Rxb2 33. Ree7 Rb1+ 34. Kh2 Qb8+ 35. f4 Qxa7 36. Rxa7 d3 37. Rad7 Rb4 38. g4 Rxf4 39. Rfe7 Rxa4 40. Kg2 Ra2+ 0-1

[Event "London Classic op 10th"]
[Site "London"]
[Date "2018.12.12"]
[Round "4"]
[White "Burke, John S"]
[Black "Stephan, Axel"]
[Result "0-1"]
[WhiteElo "1980"]
[BlackElo "2204"]
[PlyCount "188"]
[EventDate "2018.12.09"]
[EventType "swiss"]
[EventRounds "9"]
[EventCountry "ENG"]
[SourceTitle "CBM 187 Extra"]
[Source "ChessBase"]
[SourceDate "2018.11.04"]
[SourceVersion "1"]
[SourceVersionDate "2018.11.04"]
[SourceQuality "1"]

1. d4 Nf6 2. Bf4 d5 3. e3 c5 4. c3 Nc6 5. Nf3 Qb6 6. Na3 c4 7. Qc1 Nh5 8. Bg3 Nxg3 9. hxg3 e6 10. Nb1 f5 11. Nbd2 Be7 12. b3 cxb3 13. axb3 0-0 14. Bd3 h6 15. b4 Bf6 16. b5 Ne7 17. Nb3 Qc7 18. 0-0 b6 19. Qb2 Bd7 20. Rfc1 Nc8 21. Nbd2 Nd6 22. c4 dxc4 23. Nxc4 Nxc4 24. Rxc4 Qd6 25. Ra6 Bc8 26. Ra2 Bb7 27. Rca4 Bd5 28. Bc4 Rf7 29. Ra1 Rd7 30. Bxd5 Qxd5 31. Rc1 Kh7 32. Rac4 Re8 33. Rc8 Rxc8 34. Rxc8 Rd8 35. Rc7 Rd7 36. Rc1 Re7 37. Qb1 Qd7 38. Rc6 Kg8 39. Qb4 Qd5 40. Qc4 Qxc4 41. Rxc4 Rd7 42. Rc6 Rd5 43. Rc8+ Kh7 44. Rc7 Rxb5 45. Rxa7 Rb1+ 46. Kh2 Rb2 47. Rb7 Kg8 48. Ne5 Bxe5 49. dxe5 Rxf2 50. Rxb6 Re2 51. Rb3 Rd2 52. Rb6 Rd3 53. Rxe6 Rxe3 54. Ra6 Rxe5 55. Kg1 Kf7 56. Kf2 Re6 57. Ra7+ Kf6 58. Ra5 Kg5 59. Ra7 g6 60. Ra4 Re4 61. Ra6 Rb4 62. Ra2 Kg4 63. Rc2 g5 64. Ra2 h5 65. Rc2 h4 66. gxh4 Rf4+ 67. Kg1 Kxh4 68. Rc3 Kg4 69. Ra3 Rb4 70. Rc3 Rb2 71. Ra3 f4 72. Rc3 Re2 73. Ra3 Re3 74. Ra5 Rb3 75. Rc5 Kh4 76. Rf5 Rb2 77. Kh2 Rb1 78. Rf8 Kg4 79. Rc8 Rf1 80. Rc4 Rb1 81. Ra4 Rf1 82. Rc4 Kh5 83. Ra4 Kh4 84. Ra8 g4 85. Rh8+ Kg5 86. Rg8+ Kf5 87. Rf8+ Ke4 88. Re8+ Kd3 89. Rg8 g3+ 90. Kh3 Ke3 91. Ra8 Rd1 92. Kg4 Rd2 93. Ra3+ Kf2 94. Kxf4 Rd4+ 0-1

[Event "London Classic op 10th"]
[Site "London"]
[Date "2018.12.09"]
[Round "1"]
[White "Stephan, Axel"]
[Black "Mazur, Maciej"]
[Result "1-0"]
[WhiteElo "2204"]
[BlackElo "1772"]
[PlyCount "95"]
[EventDate "2018.12.09"]
[EventType "swiss"]
[EventRounds "9"]
[EventCountry "ENG"]
[SourceTitle "CBM 187 Extra"]
[Source "ChessBase"]
[SourceDate "2018.11.04"]
[SourceVersion "1"]
[SourceVersionDate "2018.11.04"]
[SourceQuality "1"]

1. e4 c5 2. Nc3 d6 3. Nge2 Nf6 4. g3 Nc6 5. Bg2 e6 6. 0-0 Be7 7. f4 e5 8. d3 a6 9. a4 0-0 10. f5 b6 11. h3 Nd4 12. g4 Nxe2+ 13. Qxe2 Nd7 14. Bf3 Bb7 15. Rf2 Bg5 16. Bxg5 Qxg5 17. Rh2 Qh4 18. Kh1 g6 19. Rf1 g5 20. Qe3 f6 21. Bd1 Bc6 22. Qc1 b5 23. Qa1 Kg7 24. Qa2 b4 25. Nd5 Rf7 26. a5 Rc8 27. Ne3 h5 28. Kg2 Rh8 29. Rfh1 Kf8 30. Qe6 Bb7 31. Qxd6+ Ke8 32. c3 bxc3 33. Ba4 Kd8 34. bxc3 c4 35. Rb1 hxg4 36. Nxg4 Kc8 37. Rxb7 Kxb7 38. Bxd7 Rxd7 39. Qxd7+ Ka8 40. Qc6+ Ka7 41. Qb6+ Ka8 42. Qxa6+ Kb8 43. Rh1 Kc7 44. Qxc4+ Kd7 45. Nxf6+ Ke7 46. Qe6+ Kf8 47. Nd7+ Kg7 48. Qg6# 1-0

[Event "Oberliga Nord N 1617"]
[Site "Germany"]
[Date "2017.01.15"]
[Round "4.6"]
[White "Neumann, Joachim"]
[Black "Stephan, Axel"]
[Result "0-1"]
[WhiteElo "2069"]
[BlackElo "2198"]
[PlyCount "78"]
[EventDate "2016.10.16"]
[EventType "team-tourn"]
[EventRounds "9"]
[EventCountry "GER"]
[SourceTitle "EXT 2018"]
[Source "ChessBase"]
[SourceDate "2017.10.13"]
[SourceVersion "1"]
[SourceVersionDate "2017.10.13"]
[SourceQuality "1"]
[WhiteTeam "Neumuenster Agon"]
[BlackTeam "Hamburg Diogenes"]
[WhiteTeamCountry "GER"]
[BlackTeamCountry "GER"]

1. c4 e6 2. g3 Nf6 3. Bg2 d5 4. Nf3 c5 5. 0-0 d4 6. e3 Nc6 7. exd4 cxd4 8. d3 Be7 9. Bf4 Nd7 10. Qe2 0-0 11. h4 Re8 12. Bg5 f6 13. Bc1 e5 14. b3 a5 15. Ba3 Nb4 16. Nbd2 Nc5 17. Bxb4 axb4 18. Ne4 Ne6 19. Ned2 Ra5 20. Ne1 Qc7 21. Nc2 Bd7 22. Bd5 Bf8 23. a4 bxa3 24. b4 Rxd5 25. cxd5 Qxc2 26. dxe6 Bxe6 27. Rfe1 Qa4 28. Nc4 Bxb4 29. Reb1 Bxc4 30. dxc4 e4 31. Qh5 Re5 32. Qg4 Re7 33. Qc8+ Kf7 34. Qf5 e3 35. fxe3 dxe3 36. Rd1 g6 37. Qd5+ Kg7 38. Re1 Bxe1 39. Rxe1 Qc2 0-1

[Event "London Classic op 8th"]
[Site "London"]
[Date "2016.12.16"]
[Round "9"]
[White "Abrahams, Daniel"]
[Black "Stephan, Axel"]
[Result "1-0"]
[WhiteElo "2071"]
[BlackElo "2239"]
[PlyCount "71"]
[EventDate "2016.12.09"]
[EventType "swiss"]
[EventRounds "9"]
[EventCountry "ENG"]
[SourceTitle "CBM 176 Extra"]
[Source "ChessBase"]
[SourceDate "2017.03.02"]
[SourceVersion "1"]
[SourceVersionDate "2017.03.02"]
[SourceQuality "1"]

1. Nf3 Nf6 2. c4 g6 3. g3 Bg7 4. Bg2 0-0 5. 0-0 d5 6. cxd5 Nxd5 7. Nc3 c5 8. Nxd5 Qxd5 9. d3 Nc6 10. Be3 Bxb2 11. Rb1 Bg7 12. Nd4 Qxa2 13. Nxc6 bxc6 14. Bxc5 Bg4 15. f3 Be6 16. d4 Rfd8 17. e3 Rd7 18. Rf2 Qa5 19. f4 Bd5 20. e4 Be6 21. f5 gxf5 22. exf5 Bd5 23. Qg4 f6 24. Rfb2 Rad8 25. Qe2 Bf8 26. Bxd5+ cxd5 27. Qe6+ Kg7 28. Rf2 Qc7 29. Rf4 Kh8 30. Rg4 Bg7 31. Re1 Rf8 32. Bxe7 Re8 33. Qf7 Rexe7 34. Qe8+ Rxe8 35. Rxe8+ Bf8 36. Rxf8# 1-0

[Event "London Classic op 8th"]
[Site "London"]
[Date "2016.12.15"]
[Round "8"]
[White "Stephan, Axel"]
[Black "Vardan, Nagpal"]
[Result "1-0"]
[WhiteElo "2239"]
[BlackElo "2079"]
[PlyCount "89"]
[EventDate "2016.12.09"]
[EventType "swiss"]
[EventRounds "9"]
[EventCountry "ENG"]
[SourceTitle "CBM 176 Extra"]
[Source "ChessBase"]
[SourceDate "2017.03.02"]
[SourceVersion "1"]
[SourceVersionDate "2017.03.02"]
[SourceQuality "1"]

1. e4 e6 2. d3 c5 3. Nd2 Nc6 4. Ngf3 d5 5. g3 Nf6 6. Bg2 Be7 7. 0-0 b6 8. Re1 Bb7 9. c3 h6 10. a3 Qc7 11. e5 Nd7 12. d4 g5 13. h3 0-0-0 14. b4 c4 15. a4 Rdg8 16. Nb1 a6 17. b5 Na5 18. Ba3 Bxa3 19. Nxa3 g4 20. hxg4 Rxg4 21. Nh2 Rg7 22. Re3 Qd8 23. Qh5 Qe7 24. Nc2 axb5 25. axb5 Nb3 26. Ra7 Na5 27. Nb4 Kb8 28. Rxb7+ Kxb7 29. Qf3 Kc8 30. Ng4 Rg6 31. Re2 Rd8 32. Ra2 Nb8 33. Nf6 Qb7 34. Bh3 Nd7 35. Nfxd5 exd5 36. Qxf7 Rdg8 37. Nc6 R6g7 38. Qxd5 Re8 39. e6 Nb8 40. Qd8+ Rxd8 41. e7+ Rd7 42. e8Q+ Kc7 43. Qe5+ Kc8 44. Nxb8 Qxb8 45. Qxg7 1-0

[Event "London Classic op 8th"]
[Site "London"]
[Date "2016.12.09"]
[Round "1"]
[White "Cole, James"]
[Black "Stephan, Axel"]
[Result "1/2-1/2"]
[WhiteElo "1827"]
[BlackElo "2239"]
[PlyCount "73"]
[EventDate "2016.12.09"]
[EventType "swiss"]
[EventRounds "9"]
[EventCountry "ENG"]
[SourceTitle "CBM 176 Extra"]
[Source "ChessBase"]
[SourceDate "2017.03.02"]
[SourceVersion "1"]
[SourceVersionDate "2017.03.02"]
[SourceQuality "1"]

1. e4 c5 2. Nf3 e6 3. d3 Nc6 4. g3 d5 5. Nbd2 Nf6 6. Bg2 b6 7. 0-0 Bb7 8. e5 Nd7 9. Re1 Qc7 10. Qe2 Be7 11. h4 h6 12. h5 d4 13. c4 0-0-0 14. a3 a5 15. Ne4 Ndxe5 16. Nxe5 Qxe5 17. Bf4 Qf5 18. Kh2 g5 19. hxg6 Qxg6 20. b4 cxb4 21. axb4 Bxb4 22. c5 Bxe1 23. Qxe1 e5 24. Bd2 h5 25. cxb6 h4 26. g4 h3 27. Bf3 f5 28. Nc5 e4 29. Nxb7 Ne5 30. Qc1+ Kd7 31. Qc7+ Ke6 32. Nxd8+ Rxd8 33. Qxd8 Nxf3+ 34. Kh1 Qxg4 35. Qe8+ Kf6 36. Qf8+ Ke6 37. Qe8+ 1/2-1/2

[Event "Oberliga Nord N 1617"]
[Site "Germany"]
[Date "2016.12.04"]
[Round "3.5"]
[White "Kluenger, Marc"]
[Black "Stephan, Axel"]
[Result "1/2-1/2"]
[WhiteElo "2220"]
[BlackElo "2198"]
[PlyCount "138"]
[EventDate "2016.10.16"]
[EventType "team-tourn"]
[EventRounds "9"]
[EventCountry "GER"]
[SourceTitle "EXT 2018"]
[Source "ChessBase"]
[SourceDate "2017.10.13"]
[SourceVersion "1"]
[SourceVersionDate "2017.10.13"]
[SourceQuality "1"]
[WhiteTeam "Hamburg Schachfreunde"]
[BlackTeam "Hamburg Diogenes"]
[WhiteTeamCountry "GER"]
[BlackTeamCountry "GER"]

1. Nf3 g6 2. c4 Bg7 3. Nc3 e5 4. g3 Ne7 5. Bg2 c5 6. a3 a5 7. Rb1 Nbc6 8. 0-0 d6 9. d3 h6 10. Ne1 0-0 11. Nc2 b6 12. b4 Ra7 13. Bd2 Be6 14. Nd5 axb4 15. axb4 Bxd5 16. cxd5 Nd4 17. e3 Nxc2 18. Qxc2 Qc7 19. Qc4 Rfa8 20. Rfc1 Ra2 21. Bc3 Qd7 22. bxc5 bxc5 23. Rb6 Nc8 24. Rb5 R8a4 25. Qb3 R4a3 26. Qb1 Ra7 27. Rb8 Kh7 28. Rc2 Rxc2 29. Qxc2 Rb7 30. Rxb7 Qxb7 31. Qa4 Na7 32. Qe8 Qb1+ 33. Bf1 Qb3 34. Qxf7 Qxc3 35. Qxa7 e4 36. dxe4 Qe5 37. Qa4 h5 38. h4 Qb2 39. Qd7 Qe5 40. Be2 Qa1+ 41. Kg2 Qe5 42. Qa4 Qb2 43. Qa6 Qe5 44. Bd3 Qc3 45. Bb1 Qb2 46. Bd3 Qc3 47. Qb5 Qe5 48. Qb1 Qb2 49. Qd1 Qa1 50. Qe2 Qb2 51. Bc2 Kh6 52. f4 Qc3 53. Kh2 Bf6 54. Kh3 Qa1 55. Kg2 Qc3 56. Kf3 Qa1 57. Kg2 Qc3 58. Kh3 Qa1 59. Bd1 Qc3 60. g4 Bd4 61. gxh5 Bxe3 62. Kg4 Qd4 63. Kf3 Bc1 64. hxg6 Qf6 65. Kg2 Qxg6+ 66. Kh3 Bxf4 67. Qf3 Be5 68. Qe3+ Kg7 69. Bg4 Qh6 1/2-1/2

[Event "Schwarzach op 31st"]
[Site "Schwarzach"]
[Date "2016.08.21"]
[Round "2"]
[White "Stephan, Axel"]
[Black "Zelcic, Robert"]
[Result "0-1"]
[WhiteElo "2231"]
[BlackElo "2512"]
[PlyCount "70"]
[EventDate "2016.08.20"]
[EventType "swiss"]
[EventRounds "9"]
[EventCountry "AUT"]
[SourceTitle "CBM 174 Extra"]
[Source "ChessBase"]
[SourceDate "2016.10.10"]
[SourceVersion "1"]
[SourceVersionDate "2016.10.10"]
[SourceQuality "1"]

1. Nf3 Nf6 2. c4 e6 3. g3 d5 4. Bg2 d4 5. b4 c5 6. bxc5 Bxc5 7. 0-0 Nc6 8. d3 0-0 9. Ba3 Nd7 10. Nfd2 e5 11. Qa4 Nb6 12. Qb3 Be7 13. Bxe7 Qxe7 14. a4 Nd7 15. Qa3 Nb4 16. Ra2 a5 17. Nb3 Ra7 18. Rb2 b6 19. Qa1 Nc5 20. Nxc5 bxc5 21. Na3 Bb7 22. Nb5 Bxg2 23. Kxg2 Ra6 24. f3 f5 25. Qb1 Re6 26. Rf2 Re8 27. Rb3 e4 28. dxe4 fxe4 29. f4 e3 30. Rf1 Rh6 31. Qf5 Rf6 32. Qb1 Qf7 33. Na3 Rh6 34. Rf3 Qd7 35. h4 Qxa4 0-1

[Event "Oberliga Nord N 1415"]
[Site "Germany"]
[Date "2014.10.19"]
[Round "2.6"]
[White "Stephan, Axel"]
[Black "Voelzke, Kurt"]
[Result "1-0"]
[WhiteElo "2242"]
[BlackElo "2194"]
[PlyCount "109"]
[EventDate "2014.09.21"]
[EventType "team-tourn"]
[EventRounds "9"]
[EventCountry "GER"]
[SourceTitle "EXT 2016"]
[Source "ChessBase"]
[SourceDate "2015.10.08"]
[SourceVersion "1"]
[SourceVersionDate "2015.10.08"]
[SourceQuality "1"]
[WhiteTeam "Hamburg Diogenes"]
[BlackTeam "Kiel Turm"]
[WhiteTeamCountry "GER"]
[BlackTeamCountry "GER"]

1. Nf3 b6 2. e4 Bb7 3. Nc3 e6 4. d4 Nf6 5. Bd3 d5 6. e5 Nfd7 7. Ng5 g6 8. Qf3 Qe7 9. Nb5 Na6 10. Qg3 Bg7 11. c3 Nf8 12. h4 h5 13. 0-0 Nb8 14. b4 a6 15. Na3 Qd7 16. Re1 Nc6 17. Qf3 Nh7 18. Nxh7 Rxh7 19. Bg5 Bh6 20. Qe2 Bxg5 21. hxg5 Qe7 22. f4 Kf8 23. Nc2 Kg7 24. Kf2 Nb8 25. Rh1 Nd7 26. Rh4 b5 27. Rah1 Rah8 28. R1h2 c6 29. Qf1 Qd8 30. Qh1 Nf8 31. Ne3 a5 32. a3 a4 33. Ke1 Bc8 34. Kd2 Bd7 35. Kc2 Qc7 36. Kb2 Qd8 37. Ka1 Qe7 38. Kb1 Qd8 39. Ka1 Qe7 40. Bc2 Qd8 41. Kb2 Qe7 42. Nd1 Kg8 43. Nf2 Qd8 44. Nd3 Bc8 45. Nc5 Qe7 46. Bd1 Qc7 47. Bf3 Kg7 48. Qe1 Kg8 49. Qe3 Nd7 50. Nxd7 Qxd7 51. Qg1 Qe7 52. Qh1 Qf8 53. g4 Qg7 54. gxh5 gxh5 55. Bd1 1-0

[Event "Oberliga Nord N 1314"]
[Site "Germany"]
[Date "2014.01.12"]
[Round "8.8"]
[White "Stephan, Axel"]
[Black "Boehm, Thomas1111"]
[Result "1-0"]
[WhiteElo "2248"]
[BlackElo "2153"]
[PlyCount "141"]
[EventDate "2013.10.13"]
[EventType "team-tourn"]
[EventRounds "9"]
[EventCountry "GER"]
[SourceTitle "EXT 2015"]
[Source "ChessBase"]
[SourceDate "2014.11.20"]
[SourceVersion "1"]
[SourceVersionDate "2014.11.20"]
[SourceQuality "1"]
[WhiteTeam "Hamburg Diogenes"]
[BlackTeam "Kiel Turm"]
[WhiteTeamCountry "GER"]
[BlackTeamCountry "GER"]

1. d4 f5 2. Nc3 Nf6 3. Bg5 d5 4. Bxf6 exf6 5. e3 Be6 6. Qf3 Nc6 7. Nge2 Ne7 8. Nf4 Bf7 9. 0-0-0 Qd7 10. h4 h5 11. g3 0-0-0 12. Bg2 Kb8 13. Kb1 Qc6 14. Nd3 Nc8 15. Nc1 Nd6 16. Bf1 Ne4 17. Nxe4 fxe4 18. Qe2 Be6 19. Bh3 Be7 20. Bxe6 Qxe6 21. Qf1 g5 22. Qe2 Qf5 23. Rh2 g4 24. Rhh1 Rd6 25. Nb3 Rc6 26. Rc1 Rd8 27. Rhd1 Qe6 28. c3 Rc4 29. Na5 Ra4 30. Qb5 Rxa5 31. Qxa5 c6 32. Rc2 Rc8 33. Qa4 b5 34. Qb3 Kc7 35. a4 a6 36. Rdc1 Qf5 37. Rd2 Rb8 38. axb5 cxb5 39. Kc2 Rb6 40. Kb1 Kb7 41. Qd1 Rc6 42. Qe2 Qc8 43. Rcc2 f5 44. Qd1 Qc7 45. Rc1 Qa5 46. Qb3 Qd8 47. Kc2 Rc4 48. Kd1 Qd6 49. Ra1 Kb6 50. Rc2 Qc6 51. Rcc1 a5 52. Qc2 b4 53. Qb3 Qb5 54. Ke1 Bd6 55. Rcb1 Be7 56. Ra2 Bd8 57. Rc1 Kb7 58. Rca1 Bb6 59. Ra4 Kc6 60. cxb4 Kd6 61. Rd1 Ke6 62. Rda1 Bc7 63. Rxa5 Bxa5 64. Rxa5 Qc6 65. Rc5 Qa6 66. Qa3 Qb6 67. Rxc4 dxc4 68. Qa5 Qc6 69. d5+ Qxd5 70. Qxd5+ Kxd5 71. Kd2 1-0

[Event "London Classic op 5th"]
[Site "London"]
[Date "2013.12.10"]
[Round "4"]
[White "Stephan, Axel"]
[Black "Nevednichy, Vladislav"]
[Result "0-1"]
[WhiteElo "2250"]
[BlackElo "2604"]
[PlyCount "72"]
[EventDate "2013.12.07"]
[EventType "swiss"]
[EventRounds "9"]
[EventCountry "ENG"]
[SourceTitle "CBM 157 Extra"]
[Source "ChessBase"]
[SourceDate "2013.12.19"]
[SourceVersion "1"]
[SourceVersionDate "2013.12.19"]
[SourceQuality "1"]

1. Nf3 g6 2. e4 Bg7 3. d4 d6 4. c4 Nf6 5. Nc3 0-0 6. Be2 Nbd7 7. 0-0 e5 8. Qc2 Nh5 9. Rd1 Nf4 10. Bf1 c5 11. Nb5 cxd4 12. Bxf4 exf4 13. Nxd6 Ne5 14. Nxe5 Qxd6 15. Nf3 Bg4 16. Be2 Bxf3 17. Bxf3 Be5 18. c5 Qe7 19. Rac1 h5 20. h3 Kg7 21. Qe2 Rac8 22. b4 Rh8 23. Rc2 Qh4 24. Qc4 Qf6 25. Qe2 Rc7 26. a4 Qh4 27. Qc4 g5 28. Rxd4 g4 29. Rd5 Re7 30. Rxe5 Rxe5 31. Qd4 Rhe8 32. hxg4 hxg4 33. Be2 Kg8 34. f3 gxf3 35. Bxf3 Qe1+ 36. Kh2 R5e6 0-1

[Event "London Classic op 5th"]
[Site "London"]
[Date "2013.12.07"]
[Round "1"]
[White "Clayton, Tristan"]
[Black "Stephan, Axel"]
[Result "0-1"]
[WhiteElo "1832"]
[BlackElo "2250"]
[PlyCount "118"]
[EventDate "2013.12.07"]
[EventType "swiss"]
[EventRounds "9"]
[EventCountry "ENG"]
[SourceTitle "CBM 157 Extra"]
[Source "ChessBase"]
[SourceDate "2013.12.19"]
[SourceVersion "1"]
[SourceVersionDate "2013.12.19"]
[SourceQuality "1"]

1. e4 g6 2. d4 Bg7 3. Nf3 c6 4. Be2 d5 5. e5 Bg4 6. 0-0 e6 7. Be3 Ne7 8. Nbd2 Nd7 9. c3 Qb6 10. Qb3 Nf5 11. Rfe1 Nxe3 12. fxe3 Bh6 13. Bd3 0-0 14. Qxb6 Nxb6 15. e4 Rac8 16. h3 Bxf3 17. Nxf3 Rfd8 18. Nh2 Bg7 19. Ng4 h5 20. Nf6+ Bxf6 21. exf6 dxe4 22. Bxe4 Nd5 23. Rf1 Kh7 24. Rae1 Kh6 25. Bc2 h4 26. Re5 g5 27. Kh2 Nf4 28. a3 c5 29. Rxc5 Rxc5 30. dxc5 Rd2 31. Be4 Rxb2 32. Rb1 Rxb1 33. Bxb1 Nh5 34. Be4 Nxf6 35. Bxb7 Ne8 36. g3 hxg3+ 37. Kxg3 Kg6 38. Be4+ f5 39. Bc2 Kf6 40. Kf3 Nc7 41. c4 Ke5 42. Ke3 Ne8 43. Bd1 Nf6 44. Bf3 Ne8 45. Bd1 Nc7 46. Bc2 Na6 47. c6 Nc7 48. Bb3 Kd6 49. Ba4 Kc5 50. Kd3 e5 51. Kc3 e4 52. Bc2 Ne6 53. Ba4 a6 54. c7 Nxc7 55. Bd7 f4 56. Bf5 e3 57. Bg4 Ne8 58. Kd3 Nd6 59. Be6 Nxc4 0-1

[Event "San Bernardino op"]
[Site "San Bernardino"]
[Date "2013.09.15"]
[Round "5"]
[White "Stephan, Axel"]
[Black "Medici, Simone"]
[Result "1-0"]
[WhiteElo "2236"]
[BlackElo "2110"]
[PlyCount "115"]
[EventDate "2013.09.13"]
[EventType "swiss"]
[EventRounds "9"]
[EventCountry "SUI"]
[SourceTitle "EXT 2014"]
[Source "ChessBase"]
[SourceDate "2013.11.20"]
[SourceVersion "1"]
[SourceVersionDate "2013.11.20"]
[SourceQuality "1"]

1. e4 c5 2. Nc3 Nc6 3. Nge2 d6 4. g3 g6 5. d4 cxd4 6. Nxd4 Bg7 7. Nde2 Nf6 8. Bg2 h5 9. h3 Be6 10. a4 Rc8 11. Nd5 Ne5 12. f4 Nc4 13. Ra2 Nb6 14. Nxf6+ Bxf6 15. b3 Qc7 16. 0-0 Qc5+ 17. Kh2 h4 18. g4 a5 19. Kh1 Bd7 20. Qd3 Qc7 21. Bd2 Qc5 22. Be3 Qc7 23. Qd2 Ra8 24. c4 Bc6 25. Nd4 Nd7 26. Qf2 Rb8 27. g5 Bg7 28. f5 gxf5 29. Nxf5 Be5 30. Ng7+ Bxg7 31. Qxf7+ Kd8 32. Qxg7 Re8 33. g6 Nf6 34. Rf4 Nh5 35. Qf7 Nxf4 36. Qxf4 b6 37. Qxh4 Qd7 38. g7 Rg8 39. Bh6 Qe6 40. Rf2 Kc7 41. Rf8 Re8 42. Qf4 Qg6 43. Rf7 Kb7 44. Kh2 Ka8 45. Rf8 e5 46. Qf5 Qxf5 47. Rxf5 Re6 48. Rf8+ Re8 49. h4 Bb7 50. h5 Bc8 51. Bh3 Bxh3 52. Kxh3 Kb7 53. Rf7+ Kc8 54. Bg5 Re6 55. h6 Kb8 56. Rf8+ Re8 57. Rxe8+ Rxe8 58. h7 1-0

[Event "San Bernardino op"]
[Site "San Bernardino"]
[Date "2013.09.13"]
[Round "1"]
[White "Grigioni, Giulio"]
[Black "Stephan, Axel"]
[Result "0-1"]
[WhiteElo "1803"]
[BlackElo "2236"]
[PlyCount "77"]
[EventDate "2013.09.13"]
[EventType "swiss"]
[EventRounds "9"]
[EventCountry "SUI"]
[SourceTitle "EXT 2014"]
[Source "ChessBase"]
[SourceDate "2013.11.20"]
[SourceVersion "1"]
[SourceVersionDate "2013.11.20"]
[SourceQuality "1"]

1. e4 c5 2. d3 Nc6 3. Nf3 g6 4. c3 d5 5. Nbd2 Bg7 6. Be2 e5 7. a4 Nge7 8. 0-0 0-0 9. exd5 Nxd5 10. Nc4 b6 11. Re1 h6 12. Bf1 Qc7 13. g3 Ba6 14. Na3 Rad8 15. Nh4 Kh7 16. Qc2 f5 17. Nb5 Qd7 18. Ng2 Na5 19. Bd2 Ne7 20. Rad1 Bb7 21. f4 a6 22. Na3 Bc6 23. b3 Bf3 24. Be2 Bxe2 25. Rxe2 Qxd3 26. Qxd3 Rxd3 27. b4 cxb4 28. cxb4 Nb3 29. Ne1 Rd5 30. fxe5 Rfd8 31. Nb1 Bxe5 32. Nf3 Bf6 33. Rde1 R8d7 34. Bc3 Ng8 35. Bxf6 Nxf6 36. Re7+ Rxe7 37. Rxe7+ Kg8 38. Ne5 Rd7 39. Re6 0-1

[Event "Oberliga Nord N 1213"]
[Site "Germany"]
[Date "2013.03.17"]
[Round "8.5"]
[White "Kitschke, Heiko"]
[Black "Stephan, Axel"]
[Result "1/2-1/2"]
[WhiteElo "2122"]
[BlackElo "2222"]
[PlyCount "104"]
[EventDate "2012.10.14"]
[EventType "team-tourn"]
[EventRounds "9"]
[EventCountry "GER"]
[SourceTitle "EXT 2015"]
[Source "ChessBase"]
[SourceDate "2014.11.20"]
[SourceVersion "1"]
[SourceVersionDate "2014.11.20"]
[SourceQuality "1"]
[WhiteTeam "Schwarzenbek"]
[BlackTeam "Hamburg Diogenes"]
[WhiteTeamCountry "GER"]
[BlackTeamCountry "GER"]

1. e4 e6 2. d4 d5 3. Nd2 dxe4 4. Nxe4 Nd7 5. Nf3 Ngf6 6. Bd3 Nxe4 7. Bxe4 Nf6 8. Bd3 c5 9. 0-0 cxd4 10. Nxd4 Be7 11. c3 0-0 12. Qe2 Qc7 13. Nb5 Qb8 14. Qf3 Bd7 15. Bf4 e5 16. Rfe1 exf4 17. Rxe7 Bc6 18. Qh3 f3 19. Rae1 Qd8 20. Nd4 fxg2 21. Qg3 Bd7 22. Bf5 Re8 23. Rxe8+ Bxe8 24. Qxg2 Qb6 25. Re2 Rd8 26. Bc2 Bd7 27. Bb3 Kf8 28. Qg3 Bg4 29. Re3 a6 30. h3 Bc8 31. Re5 Qd6 32. Re3 Qxg3+ 33. Rxg3 Re8 34. Kf1 Ne4 35. Re3 Nd2+ 36. Kg2 Rd8 37. Re2 Nxb3 38. Nxb3 Rd3 39. Re3 Rxe3 40. fxe3 Be6 41. Nc1 Bd5+ 42. Kg3 f5 43. Kf4 g6 44. h4 Kg7 45. Ke5 Bc4 46. b3 Bf1 47. c4 Kh6 48. Kf4 Bg2 49. Ne2 Bc6 50. Ng3 Kg7 51. Ke5 Bf3 52. b4 Kf7 1/2-1/2

[Event "London Classic op 4th"]
[Site "London"]
[Date "2012.12.08"]
[Round "8"]
[White "Ansell, Simon"]
[Black "Stephan, Axel"]
[Result "1-0"]
[WhiteElo "2377"]
[BlackElo "2233"]
[PlyCount "119"]
[EventDate "2012.12.01"]
[EventType "swiss"]
[EventRounds "9"]
[EventCountry "ENG"]
[SourceTitle "EXT 2014"]
[Source "ChessBase"]
[SourceDate "2013.11.20"]
[SourceVersion "1"]
[SourceVersionDate "2013.11.20"]
[SourceQuality "1"]

1. e4 e6 2. Qe2 c5 3. Nf3 Nc6 4. g3 g6 5. Bg2 Bg7 6. 0-0 Nge7 7. c3 d5 8. e5 b6 9. Na3 a5 10. Nb5 Ba6 11. a4 0-0 12. d3 Na7 13. Nxa7 Rxa7 14. h4 h5 15. Bg5 Qb8 16. Rfe1 b5 17. g4 hxg4 18. Nh2 Qxe5 19. Qxe5 Bxe5 20. Rxe5 f6 21. Rxe6 fxg5 22. Rae1 Kf7 23. hxg5 Bc8 24. Rf6+ Kg7 25. Rxf8 Kxf8 26. axb5 Bf5 27. Rd1 Rb7 28. c4 Rd7 29. cxd5 Nxd5 30. Rc1 Nf4 31. Rxc5 Nxg2 32. Kxg2 Rxd3 33. Nf1 Be4+ 34. Kg1 Bf3 35. Ne3 g3 36. Re5 Rb3 37. Nc4 Rb4 38. Nxa5 g2 39. Re3 Bd5 40. b3 Rxb5 41. Nc4 Bxc4 42. bxc4 Rxg5 43. Rg3 Rc5 44. Rg4 Kf7 45. Kxg2 Kf6 46. Kf3 Kf5 47. Rf4+ Ke5 48. Re4+ Kf5 49. Ke3 g5 50. Kd3 Rc8 51. Re7 g4 52. Kd4 Rd8+ 53. Ke3 Rc8 54. Re4 Ra8 55. Rf4+ Kg5 56. Rd4 Re8+ 57. Re4 Rc8 58. Kd3 Kf5 59. Rd4 Ke5 60. Rxg4 1-0

[Event "London Classic op 4th"]
[Site "London"]
[Date "2012.12.03"]
[Round "3"]
[White "Stephan, Axel"]
[Black "Burke, John S"]
[Result "1-0"]
[WhiteElo "2233"]
[BlackElo "2068"]
[PlyCount "116"]
[EventDate "2012.12.01"]
[EventType "swiss"]
[EventRounds "9"]
[EventCountry "ENG"]
[SourceTitle "CBM 151 Extra"]
[Source "ChessBase"]
[SourceDate "2012.12.18"]
[SourceVersion "1"]
[SourceVersionDate "2012.12.18"]
[SourceQuality "1"]

1. Nf3 d5 2. g3 Nc6 3. d4 Nf6 4. Bg2 Bf5 5. c3 e6 6. b4 a6 7. a4 Be7 8. Nbd2 Ne4 9. Qb3 0-0 10. e3 Qd7 11. Ba3 b5 12. Bb2 f6 13. 0-0 Kh8 14. Ra2 Bd6 15. Rfa1 Rab8 16. axb5 axb5 17. Ra6 Ne7 18. Qd1 Bg4 19. Qc2 Bf5 20. Qd1 Bg4 21. Qc2 Bf5 22. Qc1 Qe8 23. Nh4 Nxd2 24. Qxd2 Bg4 25. Qc2 g5 26. Nf3 Qh5 27. Nd2 Bh3 28. Bf3 Bg4 29. Bh1 Bf5 30. e4 Bg6 31. Re1 Nc8 32. Qb3 Nb6 33. Ra5 c6 34. Ra7 Rf7 35. Qa2 Na4 36. Ra6 Rc8 37. Ba1 f5 38. exd5 exd5 39. Bf3 g4 40. Bg2 f4 41. gxf4 Bxf4 42. Nf1 Qg5 43. c4 Bd3 44. cxd5 Bc4 45. Qc2 Bxd5 46. Re5 Bxe5 47. dxe5 Be6 48. Rxc6 Rxc6 49. Qxc6 Qf5 50. Kh1 Kg8 51. Qxb5 Bd7 52. Qb8+ Rf8 53. Qd6 Be6 54. Bd4 Qf7 55. Bc6 Rc8 56. Bxa4 Bc4 57. Ne3 Ba6 58. b5 Rf8 1-0